| 000 | 00603nam a2200205Ia 4500 | ||
|---|---|---|---|
| 003 | GCL | ||
| 008 | 140319s9999 xx 000 0 ara d | ||
| 040 |
_aGCL / _cGCL |
||
| 082 | 0 | 4 |
_a812.04 _bع ك |
| 100 | 1 | _aعلى الراعى | |
| 245 | 1 | 0 |
_aالكوميديا المرتجلة فى المسرح المصرى / _cعلى الراعى |
| 300 | _a257 ص | ||
| 490 |
_aكتاب الهلال _v0 |
||
| 650 | 0 | 4 | _aالادب العربى |
| 650 | 0 | 4 | _aالمسرحيات |
| 650 | 0 | 4 | _aالدراما |
| 650 | 0 | 4 | _aالمسرح العربى |
| 650 | 0 | 4 | _aالمسرح المصرى |
| 942 |
_2ddc _cBK |
||
| 999 |
_c41121 _d41121 |
||